Loading...
| Science - Physics | 0 | 4 | 0 | 1 | 40 | 49 | 67.75 | 0 | 1 | 0.00 | 0.00 |
| Science - Chemistry | 0 | 4 | 0 | 0 | 40 | 17 | 41.25 | 1 | 3 | 0.00 | 0.00 |
| Science - Biology | 0 | 3 | 0 | 0 | 30 | 49 | 50.00 | 2 | 2 | 0.00 | 0.00 |
| Religion | 0 | 3 | 0 | 0 | 30 | 60 | 73.00 | 1 | 2 | 0.00 | 0.00 |
| Fine Arts - Other | 0 | 2 | 0 | 0 | 20 | 43 | 60.50 | 0 | 1 | 0.00 | 0.00 |
| Fine Arts - Painting and Sculpture | 0 | 2 | 0 | 0 | 20 | 61 | 77.00 | 0 | 2 | 0.00 | 0.00 |
| Literature - British | 0 | 2 | 0 | 2 | 20 | 110 | 115.00 | 0 | 0 | 0.00 | 0.00 |
| Science - Other | 0 | 2 | 0 | 0 | 20 | 54 | 60.50 | 0 | 1 | 0.00 | 0.00 |
| Literature - American | 0 | 1 | 0 | 0 | 10 | 127 | 127.00 | 0 | 0 | 0.00 | 0.00 |
| History - European | 0 | 1 | 0 | 0 | 10 | 46 | 46.00 | 0 | 1 | 0.00 | 0.00 |
| History - American | 0 | 1 | 0 | 0 | 10 | 43 | 43.00 | 0 | 1 | 0.00 | 0.00 |
| Literature - European | 0 | 0 | 0 | 0 | 0 | 0.00 | 0 | 0 | 0.00 | 0.00 |